North Korean Regions - Statistics

General Stats
  • This quiz has been taken 39 times
    37 since last reset
  • The average score is 5 of 12
Answers on the Map
Answers color-coded by a green-red scale on the quiz's map according to % correct below.
 
Answer Stats
Answer % Correct
Pyongyang (뵹양)
85%
Nampo (남보)
54%
Rason (랏온)
54%
North Hamgyong (북조 함용)
46%
South Hamgyong (남조 함용)
46%
Kangwon (강원)
38%
North Hwanghae (북조 황해)
38%
South Hwanghae (남조 황해)
38%
Chagang (착낙)
23%
North Pyongyan (북조 뵹얀)
23%
South Pyongyan (남조 뵹얀)
23%
Ryanggang (량강)
15%
No matching quizzes found
Score Distribution
Percent of People with Each Score
Percentile by Number Answered
Your Score History
You have not taken this quiz since the last reset